| 000 | 01198nam a2200313Ia 4500 | ||
|---|---|---|---|
| 003 | GCL | ||
| 008 | 140319s9999 xx 000 0 ara d | ||
| 020 | _a2000289953 | ||
| 040 |
_aGCL / _cGCL |
||
| 082 | 0 | 4 |
_aط _b031 _bع ش |
| 245 | 1 | 0 |
_aشبابنا - موسوعة لاروس : _bالارض كوكب نشط-تاريخ العالم-جسم الانسان-تاريخ الفن-اطلس العالم-النبات والحيوان-الطاقة والمادة-مغامرات الحياة-الكون-ديانات العالم-وسائل الاتصال منذ البداية حتى الانترنت |
| 250 | _aالاولى | ||
| 260 |
_aبيروت : _bدار عويدات للنشر والطباعة ، _c2001 |
||
| 300 |
_a11 مج ؛ _c28 سم |
||
| 650 | 0 | 4 | _aدوائر المعارف |
| 650 | 0 | 4 | _aالاتصالات |
| 650 | 0 | 4 | _aالديانات |
| 650 | 0 | 4 | _aجسم الانسان |
| 650 | 0 | 4 | _aالطاقة |
| 650 | 0 | 4 | _aالنباتات |
| 650 | 0 | 4 | _aالحياة |
| 650 | 0 | 4 | _aالارض |
| 650 | 0 | 4 | _aالحيوان |
| 650 | 0 | 4 | _aالكون |
| 650 | 0 | 4 | _aالعالم - تاريخ |
| 650 | 0 | 4 | _aالفن - تاريخ |
| 650 | 0 | 4 | _aاطلس العالم |
| 942 |
_2ddc _cBK |
||
| 999 |
_c8371 _d8371 |
||